[Event "Madrid 2023-2024ch - Previa A"]
[Site "Madrid ESP"]
[Date "2024.02.06"]
[Round "1.22"]
[White "Rubio Rivera, Felix"]
[Black "Fernandez Garcia, Ignacio"]
[Result "1/2-1/2"]
[WhiteElo "1491"]
[BlackElo "1795"]
[PlyCount "93"]
[EventDate "2024.02.05"]
[EventType "swiss"]
[EventRounds "9"]
[EventCountry "ESP"]
[SourceTitle "Ajedrez en Madrid"]
[Source "lmi"]
[SourceDate "2024.02.06"]
[SourceVersion "1"]
[SourceVersionDate "2024.03.02"]
[SourceQuality "1"]

1. d4 b5 2. Nf3 Bb7 3. e3 a6 4. g3 Nf6 5. Bg2 e6 6. Nbd2 c5 7. O-O Qc7 8. dxc5
Bxc5 9. Nb3 Be7 10. Bd2 a5 11. a4 b4 12. Nbd4 Nc6 13. Nb5 Qb8 14. Nfd4 Nxd4 15.
exd4 Bxg2 16. Kxg2 Qb7+ 17. Qf3 Qxf3+ 18. Kxf3 O-O 19. c4 d5 20. cxd5 Nxd5 21.
Rac1 Rac8 22. Rxc8 Rxc8 23. Rc1 Rxc1 24. Bxc1 b3 25. Bd2 Nb6 26. Bxa5 Nxa4 27.
Bc3 Bg5 28. Ke2 Bc1 29. Kd3 Bxb2 30. Kc4 Bxc3 31. Nxc3 Nb2+ 32. Kxb3 Nd3 33.
Nd1 Ne1 34. h4 f6 35. Kc3 Kf7 36. Kd2 Nf3+ 37. Ke3 Nh2 38. Ke4 Ke7 39. Ne3 h5
40. f4 f5+ 41. Nxf5+ exf5+ 42. Kxf5 Kf7 43. Kg5 g6 44. f5 Nf3+ 45. Kf4 Nxd4 46.
fxg6+ Kxg6 47. g4 1/2-1/2

[Event "Madrid 2023-2024ch - Previa A"]
[Site "Madrid ESP"]
[Date "2024.02.06"]
[Round "1.23"]
[White "Sanchez Rodriguez, Jaime"]
[Black "Peiro Guevara, Hector"]
[Result "1-0"]
[WhiteElo "1791"]
[BlackElo "1460"]
[PlyCount "66"]
[EventDate "2024.02.05"]
[EventType "swiss"]
[EventRounds "9"]
[EventCountry "ESP"]
[SourceTitle "Ajedrez en Madrid"]
[Source "lmi"]
[SourceDate "2024.02.06"]
[SourceVersion "1"]
[SourceVersionDate "2024.03.02"]
[SourceQuality "1"]

1. d4 f5 2. Bf4 Nf6 3. e3 e6 4. Nf3 d5 5. Nbd2 Bd6 6. Ne5 a6 7. Bd3 c5 8. c3
O-O 9. h3 Qc7 10. Ndf3 Nc6 11. a4 b6 12. O-O Nd7 13. Nxd7 Bxd7 14. Bxd6 Qxd6
15. Qe2 c4 16. Bc2 b5 17. Rfd1 b4 18. Rdb1 b3 19. Bd1 a5 20. Ne1 e5 21. dxe5
Nxe5 22. f4 Nf7 23. Nf3 Rfe8 24. Qd2 Re7 25. Be2 Qe6 26. Rd1 Qxe3+ 27. Qxe3
Rxe3 28. Bxc4 Bxa4 29. Bxd5 Rb8 30. Rxa4 Re2 31. Ne5 Rxb2 32. Nxf7 Kf8 33. Ne5
Rd8 1-0

[Event "Madrid 2023-2024ch - Previa A"]
[Site "Madrid ESP"]
[Date "2024.02.06"]
[Round "1.25"]
[White "Iribarren Galarza, Aritz"]
[Black "Gonzalez Bolado, David"]
[Result "1-0"]
[WhiteElo "1777"]
[BlackElo "1406"]
[PlyCount "127"]
[EventDate "2024.02.05"]
[EventType "swiss"]
[EventRounds "9"]
[EventCountry "ESP"]
[SourceTitle "Ajedrez en Madrid"]
[Source "lmi"]
[SourceDate "2024.02.06"]
[SourceVersion "1"]
[SourceVersionDate "2024.03.02"]
[SourceQuality "1"]

1. e4 c5 2. Nc3 Nc6 3. f4 g6 4. Nf3 Bg7 5. Bc4 e6 6. O-O Nge7 7. d3 O-O 8. Qe1
d5 9. Bb3 Na5 10. f5 Nxb3 11. axb3 exf5 12. Qh4 fxe4 13. dxe4 dxe4 14. Nxe4 Nf5
15. Qf2 b6 16. Kh1 Bb7 17. Nc3 Bc6 18. Bg5 f6 19. Rad1 Qc7 20. Bc1 Rad8 21. Nd2
Rfe8 22. Nc4 Rxd1 23. Nxd1 Nd6 24. Bf4 Bf8 25. Qg3 Rd8 26. Re1 Qd7 27. Nf2 Nf5
28. Qc3 Nd4 29. h3 Re8 30. Ne3 Bd6 31. Bh6 Bg3 32. Nfg4 Qf7 33. Rf1 f5 34. Nh2
Qe6 35. Nf3 f4 36. Nxd4 cxd4 37. Qxd4 Qe5 38. Qc4+ Qe6 39. Qc3 Qe5 40. Qc4+ Qe6
41. Qc3 Re7 42. Ng4 Bxg2+ 43. Kxg2 Qe2+ 44. Kg1 Qe6 45. Bxf4 Bxf4 46. Rxf4 Qe1+
47. Qxe1 Rxe1+ 48. Kf2 Rc1 49. Rc4 Rb1 50. Rc8+ Kf7 51. Ne3 Rxb2 52. Rc7+ Ke6
53. Rxa7 h5 54. Ra6 Rb1 55. Rxb6+ Kf7 56. Kg2 Ra1 57. c4 Ra2+ 58. Kg3 Re2 59.
Nd5 Rb2 60. Rb7+ Ke6 61. Nf4+ Kf5 62. Rb5+ Kf6 63. Rb6+ Kf5 64. Nxg6 1-0

[Event "Madrid 2023-2024ch - Previa A"]
[Site "Madrid ESP"]
[Date "2024.02.06"]
[Round "1.26"]
[White "Vasquez Escobar, Andres Eloy"]
[Black "Pashov, Spas Nikolov"]
[Result "0-1"]
[WhiteElo "1391"]
[BlackElo "1772"]
[PlyCount "60"]
[EventDate "2024.02.05"]
[EventType "swiss"]
[EventRounds "9"]
[EventCountry "ESP"]
[SourceTitle "Ajedrez en Madrid"]
[Source "lmi"]
[SourceDate "2024.02.06"]
[SourceVersion "1"]
[SourceVersionDate "2024.03.02"]
[SourceQuality "1"]

1. d4 d5 2. c4 dxc4 3. e4 e5 4. d5 Nf6 5. Nc3 Bc5 6. h3 b5 7. a3 O-O 8. Nf3 Re8
9. Qc2 a6 10. Be2 h6 11. O-O c6 12. Rd1 cxd5 13. Nxd5 Nxd5 14. Rxd5 Qc7 15. Kf1
Bb7 16. Rd1 Qb6 17. Qc3 f6 18. Qc2 Bxf2 19. Nh2 Bd4 20. Bh5 Rd8 21. Qe2 Nd7 22.
Qg4 f5 23. exf5 Nf6 24. Qg6 Nxh5 25. Qxh5 Bg1 26. Rxd8+ Rxd8 27. Ng4 Qc6 28.
Nxh6+ gxh6 29. Qg4+ Kh8 30. Qe2 Rd1+ 0-1

[Event "Madrid 2023-2024ch - Previa A"]
[Site "Madrid ESP"]
[Date "2024.02.06"]
[Round "1.27"]
[White "De Vicente Guijarro, Juan"]
[Black "Melero Fernandez, Jose M"]
[Result "1-0"]
[WhiteElo "1768"]
[BlackElo "1385"]
[PlyCount "85"]
[EventDate "2024.02.05"]
[EventType "swiss"]
[EventRounds "9"]
[EventCountry "ESP"]
[SourceTitle "Ajedrez en Madrid"]
[Source "lmi"]
[SourceDate "2024.02.06"]
[SourceVersion "1"]
[SourceVersionDate "2024.03.02"]
[SourceQuality "1"]

1. e4 c5 2. Nf3 Nc6 3. Nc3 g6 4. d4 cxd4 5. Nxd4 Bg7 6. Nb3 Nf6 7. Be2 O-O 8.
O-O d6 9. Re1 Be6 10. Bf1 Rc8 11. Nd5 a6 12. c3 b5 13. a4 Bd7 14. axb5 axb5 15.
Bxb5 Ne5 16. Bxd7 Nfxd7 17. Bg5 Re8 18. Nd4 h6 19. Bh4 Nb6 20. Ra7 Nxd5 21.
exd5 g5 22. Bg3 Qb6 23. Qa1 Rb8 24. b4 Rbc8 25. Re3 Rc7 26. Rxc7 Qxc7 27. Nf5
Bf8 28. Bxe5 dxe5 29. Qa6 Kh7 30. Qd3 Kg8 31. h4 e6 32. d6 Qd7 33. Ne7+ Bxe7
34. dxe7 Qxe7 35. hxg5 Rd8 36. Qe2 hxg5 37. Rxe5 f6 38. Rxe6 Qf7 39. Re7 Qg6
40. g3 Kf8 41. Qe4 Qh5 42. Kg2 f5 43. Qe6 1-0

[Event "Madrid 2023-2024ch - Previa A"]
[Site "Madrid ESP"]
[Date "2024.02.06"]
[Round "1.28"]
[White "Ropero Galan, Samuel"]
[Black "Jafar Hussain, Yaser"]
[Result "0-1"]
[WhiteElo "1380"]
[BlackElo "1752"]
[PlyCount "88"]
[EventDate "2024.02.05"]
[EventType "swiss"]
[EventRounds "9"]
[EventCountry "ESP"]
[SourceTitle "Ajedrez en Madrid"]
[Source "lmi"]
[SourceDate "2024.02.06"]
[SourceVersion "1"]
[SourceVersionDate "2024.03.02"]
[SourceQuality "1"]

1. e4 d5 2. exd5 Qxd5 3. Nc3 Qd8 4. Bc4 c5 5. Nf3 Nc6 6. d3 Nf6 7. a3 a6 8. Qe2
Bg4 9. Bxf7+ Kxf7 10. Ng5+ Kg8 11. f3 Nd4 12. Qf2 Bh5 13. g4 Bg6 14. h4 h6 15.
Nge4 Nxe4 16. fxe4 e6 17. h5 Qf6 18. hxg6 Qxg6 19. Be3 Qxg4 20. Rf1 Bd6 21. Kd2
Rf8 22. Qg1 Nf3+ 23. Rxf3 Qxf3 24. Qg6 Qf7 25. Qg2 Bf4 26. Re1 Bxe3+ 27. Rxe3
Qf2+ 28. Re2 Qxg2 29. Rxg2 b5 30. Ke3 h5 31. Ne2 e5 32. c3 h4 33. Rh2 g5 34. d4
cxd4+ 35. cxd4 exd4+ 36. Nxd4 g4 37. Nf5 g3 38. Rh3 Rxf5 39. exf5 Kf7 40. Rh1
h3 41. Rc1 h2 42. Rc7+ Kf6 43. Kf4 Rh4+ 44. Kxg3 h1=Q 0-1

[Event "Madrid 2023-2024ch - Previa A"]
[Site "Madrid ESP"]
[Date "2024.02.06"]
[Round "1.29"]
[White "Gimenez Buiza, Fernando"]
[Black "Calle Trueba, Jose Antonio"]
[Result "1-0"]
[WhiteElo "1745"]
[BlackElo "1378"]
[PlyCount "71"]
[EventDate "2024.02.05"]
[EventType "swiss"]
[EventRounds "9"]
[EventCountry "ESP"]
[SourceTitle "Ajedrez en Madrid"]
[Source "lmi"]
[SourceDate "2024.02.06"]
[SourceVersion "1"]
[SourceVersionDate "2024.03.02"]
[SourceQuality "1"]

1. d4 d5 2. Nc3 c6 3. Bf4 Nf6 4. e3 Bg4 5. f3 Bf5 6. g4 Bg6 7. h4 h5 8. g5 Nh7
9. Bd3 Bxd3 10. Qxd3 g6 11. Be5 Rg8 12. Nge2 Bg7 13. Bxg7 Rxg7 14. O-O-O Nd7
15. e4 Nb6 16. exd5 Nxd5 17. Nxd5 Qxd5 18. c4 Qf5 19. Qc3 f6 20. d5 Rc8 21. d6
Rd8 22. c5 Qe6 23. Rhe1 Qxa2 24. Nd4 e5 25. gxf6 Nxf6 26. Rxe5+ Kd7 27. Ne6 Nd5
28. Rdxd5 cxd5 29. Nxg7 Qa1+ 30. Kc2 Qa4+ 31. Qb3 Qc4+ 32. Qxc4 dxc4 33. Re7+
Kc6 34. Rc7+ Kd5 35. d7 b5 36. c6 1-0

[Event "Madrid 2023-2024ch - Previa A"]
[Site "Madrid ESP"]
[Date "2024.02.06"]
[Round "1.30"]
[White "Benito Mellado, Humberto"]
[Black "Martin-Buitrago Lopez, Antonio"]
[Result "0-1"]
[WhiteElo "1330"]
[BlackElo "1739"]
[PlyCount "62"]
[EventDate "2024.02.05"]
[EventType "swiss"]
[EventRounds "9"]
[EventCountry "ESP"]
[SourceTitle "Ajedrez en Madrid"]
[Source "lmi"]
[SourceDate "2024.02.06"]
[SourceVersion "1"]
[SourceVersionDate "2024.03.02"]
[SourceQuality "1"]

1. d4 Nf6 2. c4 c5 3. d5 e6 4. Nc3 exd5 5. cxd5 d6 6. e4 g6 7. Bb5+ Bd7 8.
Bxd7+ Nbxd7 9. Bg5 Bg7 10. Qa4 a6 11. b4 b5 12. Qa3 O-O 13. f3 Ne5 14. Rd1 Nc4
15. Qc1 cxb4 16. Nce2 Qb6 17. Bh6 Rac8 18. Bxg7 Ne3 19. Qb2 Kxg7 20. Rc1 Nxg2+
21. Kf1 Ne3+ 22. Ke1 Nc4 23. Qd4 Qa5 24. Rc2 b3+ 25. Qc3 bxc2 26. Qxa5 Nxa5 27.
Nc1 Rc3 28. Kd2 Rfc8 29. Nge2 Rxf3 30. Ng3 h5 31. Re1 h4 0-1

[Event "Madrid 2023-2024ch - Previa A"]
[Site "Madrid ESP"]
[Date "2024.02.06"]
[Round "1.31"]
[White "Camarero Izquierdo, Juan Carlos"]
[Black "Lopez Manso, Jeronimo"]
[Result "1-0"]
[WhiteElo "1725"]
[BlackElo "1298"]
[PlyCount "57"]
[EventDate "2024.02.05"]
[EventType "swiss"]
[EventRounds "9"]
[EventCountry "ESP"]
[SourceTitle "Ajedrez en Madrid"]
[Source "lmi"]
[SourceDate "2024.02.06"]
[SourceVersion "1"]
[SourceVersionDate "2024.03.02"]
[SourceQuality "1"]

1. e4 Nf6 2. Nc3 d5 3. e5 d4 4. Nb5 Ng4 5. Nf3 c5 6. h3 Nh6 7. Na3 Nc6 8. Bc4
e6 9. d3 Nf5 10. Qe2 Bd7 11. Bg5 Be7 12. Bxe7 Nfxe7 13. Nb5 Nc8 14. a4 a6 15.
Na3 Qa5+ 16. Nd2 Qxa4 17. O-O Qb4 18. f4 Nb6 19. Ne4 Nxc4 20. Nxc4 O-O 21. Qg4
Rad8 22. Ncd6 Ne7 23. c3 Qxb2 24. Rab1 Qc2 25. Rxb7 Nd5 26. Nf6+ Kh8 27. Nxd5
exd5 28. Rxd7 Qxd3 29. Rxd8 1-0

[Event "Madrid 2023-2024ch - Previa A"]
[Site "Madrid ESP"]
[Date "2024.02.06"]
[Round "1.32"]
[White "Carbo de Haya, Jaime"]
[Black "Morgado Manzanedo, Antonio"]
[Result "0-1"]
[WhiteElo "1297"]
[BlackElo "1722"]
[PlyCount "78"]
[EventDate "2024.02.05"]
[EventType "swiss"]
[EventRounds "9"]
[EventCountry "ESP"]
[SourceTitle "Ajedrez en Madrid"]
[Source "lmi"]
[SourceDate "2024.02.06"]
[SourceVersion "1"]
[SourceVersionDate "2024.03.02"]
[SourceQuality "1"]

1. e4 c5 2. d4 cxd4 3. c3 dxc3 4. Nxc3 g6 5. Nf3 Bg7 6. Bc4 Nc6 7. O-O d6 8.
Qe2 Nf6 9. Rd1 Nd7 10. Ng5 O-O 11. Bf4 Nde5 12. Bxe5 Nxe5 13. Bb3 h6 14. Nf3
Bg4 15. h3 Nxf3+ 16. Kh1 Bxh3 17. Qxf3 Bd7 18. Rac1 Bc6 19. Qe2 Qa5 20. Nd5
Bxd5 21. Rxd5 Qd8 22. Rcd1 Qc7 23. R5d2 Rac8 24. Rc2 Qb6 25. Rcd2 Rc5 26. g3
Rfc8 27. Qf3 Bf6 28. Kg2 Rc1 29. Qg4 Kg7 30. Rxc1 Rxc1 31. Qd7 Qa6 32. Rd1 Rxd1
33. Bxd1 Qxa2 34. Qxb7 Qxb2 35. Qxa7 Bd4 36. Qxe7 Qxf2+ 37. Kh3 Qf1+ 38. Kh2
Qxd1 39. Qxd6 Bg1+ 0-1

[Event "Madrid 2023-2024ch - Previa A"]
[Site "Madrid ESP"]
[Date "2024.02.06"]
[Round "1.33"]
[White "Barahona Torrijos, Angel"]
[Black "de Villota Borrego, Pablo"]
[Result "1-0"]
[WhiteElo "1717"]
[BlackElo "1034"]
[PlyCount "61"]
[EventDate "2024.02.05"]
[EventType "swiss"]
[EventRounds "9"]
[EventCountry "ESP"]
[SourceTitle "Ajedrez en Madrid"]
[Source "lmi"]
[SourceDate "2024.02.06"]
[SourceVersion "1"]
[SourceVersionDate "2024.03.02"]
[SourceQuality "1"]

1. e4 e5 2. Nf3 Nc6 3. Nc3 Bc5 4. Nxe5 Bxf2+ 5. Kxf2 Nxe5 6. d4 Qf6+ 7. Ke1 Ng6
8. Bc4 Nh4 9. Rg1 Qd8 10. Qh5 Ng6 11. e5 c6 12. Bg5 Qb6 13. Rf1 d5 14. exd6 Nf6
15. Bxf6 gxf6 16. Qe2+ Kd8 17. Bxf7 Qxd4 18. Bxg6 Qe5 19. Qxe5 fxe5 20. Bh5 Be6
21. Bf7 Kd7 22. Rd1 b5 23. Ne4 Raf8 24. Nc5+ Kc8 25. Bxe6+ Kd8 26. Bf7 Kc8 27.
d7+ Kb8 28. Ne6 Rxf7 29. Rxf7 Kb7 30. d8=Q+ Ka6 31. Nc5# 1-0

[Event "Madrid 2023-2024ch - Previa A"]
[Site "Madrid ESP"]
[Date "2024.02.07"]
[Round "2.1"]
[White "Pashov, Spas Nikolov"]
[Black "Vazquez Gonzalez, Jesus"]
[Result "1-0"]
[WhiteElo "1772"]
[BlackElo "1945"]
[PlyCount "54"]
[EventDate "2024.02.05"]
[EventType "swiss"]
[EventRounds "9"]
[EventCountry "ESP"]
[SourceTitle "Ajedrez en Madrid"]
[Source "lmi"]
[SourceDate "2024.02.06"]
[SourceVersion "1"]
[SourceVersionDate "2024.03.02"]
[SourceQuality "1"]

1. e4 c5 2. Nf3 Nc6 3. Bb5 g6 4. Bxc6 bxc6 5. O-O Bg7 6. c4 e6 7. d3 Ne7 8. Nc3
d5 9. Qc2 O-O 10. Bf4 Ba6 11. Na4 Bd4 12. Rab1 f6 13. b4 dxc4 14. dxc4 g5 15.
Bg3 g4 16. Nxd4 cxd4 17. Nc5 Bc8 18. e5 Ng6 19. Qe4 f5 20. Qxc6 Rb8 21. Nxe6
Bxe6 22. Qxe6+ Kh8 23. f3 Rb6 24. Qd5 f4 25. Bf2 Qg5 26. Bxd4 Rd8 27. e6+ Kg8
1-0

[Event "Madrid 2023-2024ch - Previa A"]
[Site "Madrid ESP"]
[Date "2024.02.07"]
[Round "2.2"]
[White "De Vicente Guijarro, Juan"]
[Black "Lopez de Turiso Sanchez, Jose An"]
[Result "1/2-1/2"]
[WhiteElo "1768"]
[BlackElo "1915"]
[PlyCount "56"]
[EventDate "2024.02.05"]
[EventType "swiss"]
[EventRounds "9"]
[EventCountry "ESP"]
[SourceTitle "Ajedrez en Madrid"]
[Source "lmi"]
[SourceDate "2024.02.06"]
[SourceVersion "1"]
[SourceVersionDate "2024.03.02"]
[SourceQuality "1"]

1. e4 d5 2. exd5 Nf6 3. Nc3 Nxd5 4. Bc4 e6 5. Nf3 c5 6. Nxd5 exd5 7. Bb5+ Bd7
8. Bxd7+ Nxd7 9. d4 c4 10. O-O Be7 11. Re1 O-O 12. Bf4 b5 13. a4 b4 14. a5 Rc8
15. Re3 Re8 16. Qe2 Bf8 17. Rxe8 Qxe8 18. Qxe8 Rxe8 19. Kf1 a6 20. b3 Nb8 21.
bxc4 dxc4 22. Ne5 Rc8 23. d5 f6 24. Nxc4 Rxc4 25. Bxb8 Rd4 26. d6 Bxd6 27. Bxd6
Rxd6 28. Rb1 Rd5 1/2-1/2

[Event "Madrid 2023-2024ch - Previa A"]
[Site "Madrid ESP"]
[Date "2024.02.07"]
[Round "2.3"]
[White "Jafar Hussain, Yaser"]
[Black "Martin Martin, Luis Vicente"]
[Result "1-0"]
[WhiteElo "1752"]
[BlackElo "1884"]
[PlyCount "71"]
[EventDate "2024.02.05"]
[EventType "swiss"]
[EventRounds "9"]
[EventCountry "ESP"]
[SourceTitle "Ajedrez en Madrid"]
[Source "lmi"]
[SourceDate "2024.02.06"]
[SourceVersion "1"]
[SourceVersionDate "2024.03.02"]
[SourceQuality "1"]

1. d4 d5 2. Bf4 Nf6 3. e3 c5 4. c3 Nc6 5. Nf3 Qb6 6. Na3 c4 7. Qc1 Bf5 8. h3 h6
9. Be2 e6 10. O-O Be7 11. Nb1 O-O 12. Nbd2 Rfc8 13. Bd1 Qd8 14. Bc2 Bxc2 15.
Qxc2 b5 16. e4 dxe4 17. Nxe4 Nxe4 18. Qxe4 Qd5 19. Qxd5 exd5 20. Ne5 Nd8 21.
Rfe1 Ne6 22. Ng6 fxg6 23. Rxe6 Kf7 24. Rae1 Bf6 25. Rd6 Rd8 26. Ree6 Rxd6 27.
Rxd6 Rd8 28. Ra6 Ra8 29. Bc7 b4 30. g3 bxc3 31. bxc3 Be7 32. Kf1 g5 33. Bd6 Ke8
34. Kg2 Kd7 35. Be5 Bf8 36. Kf3 1-0

[Event "Madrid 2023-2024ch - Previa A"]
[Site "Madrid ESP"]
[Date "2024.02.07"]
[Round "2.4"]
[White "Marin Aso, Jose Luis"]
[Black "Gimenez Buiza, Fernando"]
[Result "1/2-1/2"]
[WhiteElo "1859"]
[BlackElo "1745"]
[PlyCount "54"]
[EventDate "2024.02.05"]
[EventType "swiss"]
[EventRounds "9"]
[EventCountry "ESP"]
[SourceTitle "Ajedrez en Madrid"]
[Source "lmi"]
[SourceDate "2024.02.06"]
[SourceVersion "1"]
[SourceVersionDate "2024.03.02"]
[SourceQuality "1"]

1. e4 e6 2. d4 d5 3. Nd2 dxe4 4. Nxe4 Nd7 5. Nf3 Ngf6 6. Bg5 Be7 7. Nxf6+ Nxf6
8. Bd3 O-O 9. Qe2 c5 10. dxc5 Qa5+ 11. c3 Qxc5 12. O-O b6 13. Bxf6 gxf6 14. Qe4
f5 15. Qxa8 Qc7 16. Bxf5 Bb7 17. Qxa7 Ra8 18. Qxa8+ Bxa8 19. Bd3 Bxf3 20. gxf3
Qf4 21. Rad1 Qxf3 22. Rfe1 Bh4 23. Rd2 Bxf2+ 24. Rxf2 Qxd3 25. Ree2 Qd1+ 26.
Kg2 Qd5+ 27. Kg1 Qd1+ 1/2-1/2

[Event "Madrid 2023-2024ch - Previa A"]
[Site "Madrid ESP"]
[Date "2024.02.07"]
[Round "2.5"]
[White "Martin-Buitrago Lopez, Antonio"]
[Black "Moya Barba, Diego"]
[Result "1-0"]
[WhiteElo "1739"]
[BlackElo "1844"]
[PlyCount "65"]
[EventDate "2024.02.05"]
[EventType "swiss"]
[EventRounds "9"]
[EventCountry "ESP"]
[SourceTitle "Ajedrez en Madrid"]
[Source "lmi"]
[SourceDate "2024.02.06"]
[SourceVersion "1"]
[SourceVersionDate "2024.03.02"]
[SourceQuality "1"]

1. e4 c5 2. Nc3 Nc6 3. Bb5 Nd4 4. Bc4 e6 5. Nge2 Nc6 6. O-O Nf6 7. Nf4 Nxe4 8.
Bxe6 dxe6 9. Nxe4 Bd6 10. Nxd6+ Qxd6 11. d3 e5 12. Nh5 O-O 13. f4 Rd8 14. Ng3
c4 15. fxe5 Qd4+ 16. Kh1 Nxe5 17. Rf4 Qd5 18. d4 Ng6 19. Re4 f5 20. Re1 Qxd4
21. Qf3 f4 22. Ne2 Qe5 23. Bxf4 Nxf4 24. Nxf4 Qxb2 25. Nd5 Be6 26. Nc7 Bf7 27.
Nxa8 Qxc2 28. Nc7 Qg6 29. Qxb7 h6 30. Qe4 Qb6 31. Qe7 Qd4 32. Ne6 Re8 33. Qxe8+
1-0

[Event "Madrid 2023-2024ch - Previa A"]
[Site "Madrid ESP"]
[Date "2024.02.07"]
[Round "2.6"]
[White "Ruiz Bellon, Manuel"]
[Black "Camarero Izquierdo, Juan Carlos"]
[Result "1-0"]
[WhiteElo "1843"]
[BlackElo "1725"]
[PlyCount "73"]
[EventDate "2024.02.05"]
[EventType "swiss"]
[EventRounds "9"]
[EventCountry "ESP"]
[SourceTitle "Ajedrez en Madrid"]
[Source "lmi"]
[SourceDate "2024.02.06"]
[SourceVersion "1"]
[SourceVersionDate "2024.03.02"]
[SourceQuality "1"]

1. e4 c5 2. Nc3 e6 3. g3 a6 4. Bg2 d6 5. d3 Bd7 6. a4 Nf6 7. Nge2 Bc6 8. O-O
Nbd7 9. f4 b5 10. axb5 axb5 11. Rxa8 Qxa8 12. h3 b4 13. Nb1 e5 14. Nd2 d5 15.
exd5 Bxd5 16. Bxd5 Qxd5 17. Nc4 Be7 18. fxe5 Nxe5 19. Nf4 Qd7 20. Nxe5 Qd4+ 21.
Kh2 Qxe5 22. Re1 Qc7 23. Qe2 Kf8 24. Qf3 Qd8 25. b3 h5 26. Bb2 h4 27. g4 Bd6
28. Be5 Kg8 29. g5 Bxe5 30. Rxe5 Qd6 31. Qe2 Nd7 32. Re8+ Nf8 33. Qe5 Qc6 34.
Qe7 Kh7 35. Qxf7 Qf3 36. Qf5+ g6 37. Qf7# 1-0

[Event "Madrid 2023-2024ch - Previa A"]
[Site "Madrid ESP"]
[Date "2024.02.07"]
[Round "2.7"]
[White "Morgado Manzanedo, Antonio"]
[Black "Rodriguez Del Pino, Daniel"]
[Result "0-1"]
[WhiteElo "1722"]
[BlackElo "1841"]
[PlyCount "84"]
[EventDate "2024.02.05"]
[EventType "swiss"]
[EventRounds "9"]
[EventCountry "ESP"]
[SourceTitle "Ajedrez en Madrid"]
[Source "lmi"]
[SourceDate "2024.02.06"]
[SourceVersion "1"]
[SourceVersionDate "2024.03.02"]
[SourceQuality "1"]

1. d4 d5 2. Bf4 Nf6 3. e3 c5 4. Nf3 e6 5. c3 Nc6 6. Bd3 Bd6 7. Ne5 Bxe5 8. dxe5
Nd7 9. Qa4 O-O 10. Qc2 h5 11. Qe2 Ncxe5 12. Bc2 Ng4 13. Nd2 e5 14. Bg3 Ngf6 15.
O-O-O Qa5 16. Kb1 b5 17. Nf3 e4 18. Ne5 b4 19. c4 Re8 20. Nxd7 Bxd7 21. cxd5
Bb5 22. Qe1 Bc4 23. Bb3 Bd3+ 24. Rxd3 exd3 25. Bc4 Ne4 26. Bxd3 Qb6 27. Bxe4
Rxe4 28. f3 Ree8 29. e4 c4 30. Bf2 Qd6 31. Bd4 c3 32. b3 Qa6 33. Qe3 Rac8 34.
Rc1 Qg6 35. Rc2 Rcd8 36. Qf2 f5 37. Qh4 fxe4 38. fxe4 Qxe4 39. Qxe4 Rxe4 40.
Bxa7 Rxd5 41. Rf2 Re1+ 42. Kc2 Ra1 0-1

[Event "Madrid 2023-2024ch - Previa A"]
[Site "Madrid ESP"]
[Date "2024.02.07"]
[Round "2.8"]
[White "Arevillca Colque, Jonatan"]
[Black "Barahona Torrijos, Angel"]
[Result "0-1"]
[WhiteElo "1835"]
[BlackElo "1717"]
[PlyCount "118"]
[EventDate "2024.02.05"]
[EventType "swiss"]
[EventRounds "9"]
[EventCountry "ESP"]
[SourceTitle "Ajedrez en Madrid"]
[Source "lmi"]
[SourceDate "2024.02.06"]
[SourceVersion "1"]
[SourceVersionDate "2024.03.02"]
[SourceQuality "1"]

1. e4 e5 2. Nf3 Nc6 3. d4 exd4 4. Bc4 Nf6 5. O-O Bc5 6. e5 d5 7. exf6 dxc4 8.
Re1+ Be6 9. Ng5 Qd5 10. Nc3 Qf5 11. Nce4 O-O-O 12. g4 Qe5 13. Nxc5 Qxc5 14.
Rxe6 fxe6 15. Nxe6 Qd5 16. Nxd8 Rxd8 17. fxg7 Ne5 18. Bf4 Nf3+ 19. Kf1 Re8 20.
b3 Nxh2+ 21. Kg1 Nf3+ 22. Kf1 Qe4 23. g8=Q Nh2+ 24. Kg1 Rxg8 25. Bxh2 Rxg4+ 26.
Bg3 h5 27. Qd2 Qg6 28. Kf1 h4 29. Bh2 Qc6 30. Ke2 Qe4+ 31. Kd1 Rg2 32. Qe2
Qxe2+ 33. Kxe2 Rxh2 34. Kf3 cxb3 35. cxb3 c5 36. Rd1 Kc7 37. Rd2 Kd6 38. Ke4
Rg2 39. a4 h3 40. Rd3 Rxf2 41. Rxh3 Re2+ 42. Kf4 Re7 43. Rh6+ Re6 44. Rh7 Kc6
45. Kf5 Rd6 46. Ke5 d3 47. Rh1 d2 48. Rd1 a5 49. Ke4 b5 50. Ke3 bxa4 51. bxa4
c4 52. Rxd2 Rxd2 53. Kxd2 Kd5 54. Kc2 Kd4 55. Kd2 c3+ 56. Kc1 Kc4 57. Kb1 Kb3
58. Ka1 Kc2 59. Ka2 Kd1 0-1

[Event "Madrid 2023-2024ch - Previa A"]
[Site "Madrid ESP"]
[Date "2024.02.07"]
[Round "2.9"]
[White "Balsera Gomez, Antonio"]
[Black "Marcos Herrero, Francisco"]
[Result "1-0"]
[WhiteElo "1711"]
[BlackElo "1828"]
[PlyCount "89"]
[EventDate "2024.02.05"]
[EventType "swiss"]
[EventRounds "9"]
[EventCountry "ESP"]
[SourceTitle "Ajedrez en Madrid"]
[Source "lmi"]
[SourceDate "2024.02.06"]
[SourceVersion "1"]
[SourceVersionDate "2024.03.02"]
[SourceQuality "1"]

1. e4 c6 2. d4 d5 3. e5 Bf5 4. g4 Be4 5. f3 Bg6 6. e6 fxe6 7. Ne2 Qd6 8. Nf4
Nd7 9. Nc3 O-O-O 10. Nxg6 hxg6 11. f4 g5 12. Qf3 Qb4 13. fxg5 Qxd4 14. Be3 Qb4
15. O-O-O e5 16. a3 Qd6 17. Nxd5 e4 18. Qxe4 Ndf6 19. gxf6 cxd5 20. Qa4 a6 21.
fxe7 Nxe7 22. Bf4 Qc6 23. Qd4 Ng6 24. Be3 Be7 25. Bd3 Bf6 26. Bf5+ Kc7 27. Qb4
Be7 28. Qa5+ Kb8 29. Bxg6 Qxg6 30. h3 Rc8 31. c3 Rhd8 32. Qb6 Rc6 33. Qa7+ Kc7
34. Bf4+ Bd6 35. Bxd6+ Rdxd6 36. Qd4 Rc4 37. Qd3 Qh6+ 38. Kb1 b5 39. Rhf1 Rd7
40. Rf5 d4 41. Qg3+ Kb7 42. cxd4 Rdc7 43. Rc5 Qg6+ 44. Ka2 Qc2 45. Qxc7+ 1-0

[Event "Madrid 2023-2024ch - Previa A"]
[Site "Madrid ESP"]
[Date "2024.02.07"]
[Round "2.10"]
[White "Toledo Aguirre, Gonzalo"]
[Black "Lopez Heras, Arturo"]
[Result "1-0"]
[WhiteElo "1824"]
[BlackElo "1702"]
[PlyCount "107"]
[EventDate "2024.02.05"]
[EventType "swiss"]
[EventRounds "9"]
[EventCountry "ESP"]
[SourceTitle "Ajedrez en Madrid"]
[Source "lmi"]
[SourceDate "2024.02.06"]
[SourceVersion "1"]
[SourceVersionDate "2024.03.02"]
[SourceQuality "1"]

1. d4 d5 2. c4 e6 3. Nc3 c6 4. e4 dxe4 5. Nxe4 Nf6 6. Nxf6+ Qxf6 7. Nf3 Nd7 8.
Bd3 Bb4+ 9. Bd2 Bxd2+ 10. Qxd2 O-O 11. O-O b6 12. Be4 Bb7 13. Qc2 g6 14. c5
Rac8 15. Rfe1 Qe7 16. b4 Nf6 17. Ne5 Nxe4 18. Qxe4 b5 19. Rad1 Rfe8 20. Qf4
Rcd8 21. Ng4 Kg7 22. Qh6+ Kg8 23. Re3 Rd5 24. Rf3 f5 25. Ne5 Red8 26. Qf4 Qg7
27. Rfd3 g5 28. Qe3 f4 29. Qe4 Rf8 30. Nxc6 Qd7 31. Ne5 Qc7 32. c6 Bxc6 33. Rc3
Qxe5 34. Qxe5 Rxe5 35. dxe5 Bd5 36. a3 Rf5 37. Re1 Bc4 38. a4 a6 39. axb5 axb5
40. Ra3 Kg7 41. Ra7+ Kg6 42. f3 h5 43. Kf2 g4 44. fxg4 hxg4 45. g3 fxg3+ 46.
Kxg3 Rh5 47. Kxg4 Rxh2 48. Rg1 Rb2 49. Kf4+ Kh6 50. Ra8 Kh7 51. Kg5 Kg7 52.
Ra7+ Kf8 53. Rg4 Kg8 54. Kf6+ 1-0